[Event "Norway Chess 6th"]
[Site "Stavanger"]
[Date "2018.06.01"]
[Round "4"]
[White "Aronian, Levon"]
[Black "Mamedyarov, Shakhriyar"]
[Result "1-0"]
[WhiteElo "2764"]
[BlackElo "2808"]
[Annotator "Sumets,A"]
[PlyCount "139"]
[EventDate "2018.05.28"]
[EventType "tourn"]
[EventRounds "9"]
[EventCountry "NOR"]
[EventCategory "22"]
[SourceTitle "CBM 185"]
[Source "ChessBase"]
[SourceDate "2018.07.13"]
[SourceVersion "1"]
[SourceVersionDate "2018.07.13"]
[SourceQuality "1"]

1. d4 Nf6 2. c4 g6 3. Nc3 d5 4. cxd5 Nxd5 5. e4 Nxc3 6. bxc3 Bg7 7. Bc4 c5 8.
Ne2 O-O 9. O-O Nc6 10. Be3 Na5 11. Bd3 b6 12. Rc1 {The main line. Up to the
moment, this line has been practically studied to the end.} (12. Rb1 {Recently
GM Anton Korobov, who is one of the best experts of 7.Bc4, has found a fresh
idea.} cxd4 13. cxd4 e6 14. Qa4 Bb7 15. Rfd1 Rc8 (15... Qe7 $5 16. Bd2 Nc6 17.
Rdc1 (17. d5 $6 exd5 18. exd5 Ne5 19. Bb4 $2 Qh4 $17) 17... Rfc8 18. Rc4 Qd6
$11) 16. Nf4 Qe8 17. Qa3 Qd8 18. d5 exd5 19. Nxd5 Bxd5 20. exd5 $16 {1/2 (35)
Korobov,A (2664)-Mchedlishvili,M (2600) 1/2 (35) Batumi GEO 2018}) 12... e5 13.
dxc5 Be6 14. c4 {With two ideas: 1) cxb6 axb6 c5!; 2) Ne2-c3-d5. (M. Krasenkow)
.} ({Black can easily equalise the game after} 14. cxb6 axb6 15. c4 Qb8 16. Rc3
Rc8 17. Qc2 Bf8 18. Rb1 Bc5 19. Bxc5 Rxc5 20. Nc1 Qc7 21. Nb3 Rc6 22. Nd2 {
1/2 (22) Van Wely,L (2677)-Eljanov,P (2687) Foros 2008}) 14... bxc5 15. Bxc5
Bh6 $1 (15... Re8 $6 16. Be3 Re7 17. Qc2 Rd7 18. Rfd1 Nc6 19. a3 {M. Krasenkow:
'White has consolidated his position keeping a healthy extra pawn'.} Qa5 $6 (
19... Bf8 $5 20. c5 Qa5 21. Qc3 Rad8 {and Black has some compensation for the
sacrificed pawn.}) 20. Nc3 Qxa3 21. Nd5 $16 {see the game Topalov,V-Svidler,P
Morelia/Linares 2006 annotated by M. Krasenkow.}) 16. Rc3 (16. Bxf8 Bxc1 17.
Nxc1 Qxf8 ({Black could have solved all his problems after} 17... Kxf8 $1 {
Krasenkow,M} 18. Nb3 (18. c5 $6 Rc8 $15) 18... Bxc4 19. Bxc4 Nxc4 $11) 18. Qa4
Nb7 19. Qc2 Rc8 20. Nb3 Qb4 21. Rc1 a5 22. Be2 Rd8 {Black's compensation is
enough to make a draw.} 23. Rb1 Qa4 (23... Qd6 $1 24. h3 (24. Rd1 Qb4 25. Rb1
$11) 24... a4 25. Nc1 Nc5 $44) 24. h3 Rc8 25. Rc1 $14 {Zhou,J (2566)-Sutovsky,
E (2655) Khanty-Mansiysk 2007 1-0 (55)}) (16. f4 Re8 17. Bf2 (17. Be3 Re7 {
This looks stronger than 17...Qc7} (17... Qc7 18. Qe1 Rad8 19. Qc3 Bg4 20. c5
Nc6 21. Qc4 Be6 22. Qb5 a6 23. Qb1 Bxa2 $17 {Hawkins,J (2383)-Howell,D (2597)
0-1 (41) Halifax 2009}) 18. Qc2 Rd7 19. Rcd1 Bg4 ({Black should have preferred
} 19... Nc6 $1 20. Qc3 Rc8 21. c5 Bg4 22. Rd2 (22. h3 $6 exf4 $1 23. hxg4 Bg7
24. Qb3 fxe3 25. Bc4 Rd2 $1 26. Bxf7+ Kh8 $17) 22... Bxe2 23. Bxe2 Rxd2 24.
Bxd2 Qd4+ 25. Qxd4 Nxd4 26. Ba6 Rxc5 $15) 20. h3 exf4 21. Bxf4 {1/2 (21) Zhou,
J (2580)-Li,C (2582) Beijing 2008}) (17. f5 Qc7 $1 18. Bf2 Bxc4 19. Bxc4 Nxc4
20. Nc3 Nb2 (20... Bxc1 $5 21. Qxc1 Nb6 22. Qh6 Qd6 {White still needs to
prove that he has enough compensation for an exchange.}) 21. Nd5 Qxc1 22. Nf6+
Kg7 23. Nxe8+ Rxe8 24. f6+ Kg8 25. Qxc1 Bxc1 26. Rxc1 Nd3 27. Rc3 Nxf2 28. Kxf2
h5 29. Rc6 Re6 $4 (29... g5 $11) 30. Rxe6 fxe6 31. g4 $1 $18 {Harikrishna,P 
(2664)-Sutovsky,E (2656)1-0 (40) Montreal 2007}) 17... exf4 18. Nd4 Bg7 (18...
f3 19. Qxf3 Bxc1 20. Rxc1 Bd7 21. c5 $44) 19. Be2 f3 20. Nxf3 Rc8 21. c5 Bxa2
22. Ba6 Qxd1 23. Rfxd1 Bb2 24. Bxc8 Rxc8 25. Ra1 $14 {Ponomariov,R (2754)
-Kovchan,A (2558)1-0 (47) Kiev 2011}) 16... Re8 17. Qc2 (17. Ba3 Qc7 18. Qc2 {
leads to the same position.}) (17. Be3 Bxe3 18. fxe3 Qg5 19. Qc1 Red8 20. Kh1
Nb7 21. c5 Nxc5 22. Rxc5 Rxd3 23. Nf4 Rd6 24. Qa1 (24. Rc6 Qe7 25. Qc5 Rad8 $11
) 24... Rad8 25. Rxe5 Qg4 26. h3 Qg3 27. Qe1 {1/2 (27) Giri,A (2517)-Danin,A 
(2498) Bussum 2009}) 17... Qc7 18. Ba3 Rab8 19. h3 $146 {A novelty. Levon made
an useful waiting move and Shahriyar should take a decision. Black would not
have any problems after 19.h3 if he could ask a strong computer.} (19. c5 $6
Red8 20. Bc1 $1 (20. c6 Rb6 21. Rb1 $6 (21. Bc1 $142 Bxc1 22. Rxc1 Nxc6 $15 {
Krasenkow,M}) 21... Rxc6 22. Rxc6 Nxc6 23. Bc1 Bxc1 24. Rxc1 Qd6 $1 25. Qxc6
Qxc6 $2 26. Rxc6 Rxd3 $15 {See the game Van Wely,L - Shirov,A Foros 2008
annotated by M. Krasenkow.}) 20... Bxc1 21. Nxc1 Nc6 22. Qa4 Rd4 $44 {Black
has excellent compensation for the sacrificed pawn.} 23. Qa3 Nb4 24. Re1 h5 (
24... a5 $1 25. Bf1 a4 $15) 25. h3 h4 (25... a5 $1) 26. Bb1 Nc6 $6 27. Bc2 $1
Rbb4 (27... a5 28. Ba4) 28. Nb3 Rd8 29. Qc1 $14 {Korotylev,A (2587)-Timofeev,A
(2671) Moscow 2009 1-0 (49)}) (19. Bc1 Bf8 (19... Bxc1 20. Nxc1 Nc6 $44) 20. c5
Nc6 21. Be3 Nb4 22. Qa4 Bd7 23. Qd1 Nxa2 $11 24. Ra3 Be6 25. Qa4 Red8 26. Bb1
Nb4 27. Rc1 Nc6 28. Ba2 Bxa2 {1/2 (28) Milov,V (2690)-Sutovsky,E (2642) Israel
2008. Black should have continued the game.} 29. Rxa2 Nb4 30. Raa1 Nd3 31. Rc3
Bxc5 32. Bxc5 Nxc5 33. Qc2 Rb5 34. h3 Qb6 $17) 19... Red8 (19... Rec8 20. Bc1
Bxc1 21. Rxc1 Qc5) 20. Bc1 Bf8 (20... Bxc1 $5 21. Qxc1 Qc5 22. Ng3 Rd4 23. Qh6
f6 24. Rfc1 Nc6 {Black has good chances to level the game.}) 21. Bg5 Rd7 (21...
Rdc8 22. c5) 22. c5 h6 ({Black could have tried} 22... Nc6 23. Bc4 Nb4 24. Qa4
Bxc4 25. Rxc4 Nd3 26. c6 Rd6 {but White can get a big advantage after} 27. Be3
$1 Nb2 28. Qxa7 Qxa7 29. Bxa7 Nxc4 30. Bxb8 Rxc6 31. Rc1 f6 32. a4 $16 {
White has good chances to win the game.}) 23. Be3 Nc6 24. Bc4 $16 {Levon
should be satisfied with the opening result, White has an extra pawn without
conceding any compensation.} Nd4 (24... Bxc4 $6 25. Rxc4 {with the following
Nc3, Nd5}) 25. Bxd4 exd4 26. Bxe6 dxc3 $6 ({Shahriyar should have tried} 26...
fxe6 $1 27. Rg3 {[%emt 0:00:27] This looks very tempting, White attacks the
pawn and Black can't defend it. However it is not the strongest continuation.
I think White should choose between 27.Rb3 and 27.c6} (27. Rb3 $5 Rc8 28. Qc4
Qe5 (28... Qc6 29. Rg3 g5 30. Nxd4 Qxe4 31. Rg4 Rxc5 32. Qxe6+ Qxe6 33. Nxe6
$14) 29. c6 Rd6 30. Qd3 Rdxc6 31. f4 Qg7 32. e5 $16) (27. c6 $5 dxc3 28. cxd7
Qxd7 29. Qxc3 Bg7 30. Qc4 $16) 27... Bxc5 $1 (27... Kh7 $2 28. e5 Rg7 29. Nf4
$18) 28. Rxg6+ Kh7 29. Rxe6 (29. Rg3 $2 d3 $1 30. Rxd3 Bxf2+ 31. Rxf2 Qxc2 32.
Rxd7+ Kg8 33. Rff7 Qxe4 $15) 29... d3 30. Qd2 Bxf2+ $1 31. Kh1 (31. Rxf2 Rb1+
32. Nc1 $8 (32. Rf1 $4 Rxf1+ 33. Kxf1 dxe2+ 34. Qxe2 Qc1+ 35. Kf2 Rf7+ 36. Kg3
(36. Qf3 Qb2+ 37. Kg3 Rxf3+ $19) 36... Qf4#) 32... Rxc1+ 33. Rf1 Qc5+ 34. Kh2
$8 Rxf1 35. Qxh6+ Kg8 36. Rg6+ Kf7 37. Rg7+ Ke8 38. Qe6+ Re7 39. Rg8+ Rf8 40.
Qg6+ Ref7 41. Qe6+ Qe7 42. Qc8+ Qd8 43. Qe6+ $11) 31... dxe2 32. Rxh6+ Kg8 33.
Qxe2 Bd4 34. Qg4+ Bg7 35. Qe6+ Rf7 36. Rh4 Rb6 37. Qe8+ Rf8 38. Rxf8+ Bxf8 39.
Rg4+ Kh7 40. Qh5+ Bh6 41. Qf5+ Kh8 42. e5 Bg7 $11) 27. Bxd7 Qxd7 28. Nxc3 Qd4 {
Black can regain one pawn.} 29. c6 Qc4 30. Rc1 Qxc6 31. Nd5 $16 {Levon has
excellent chances to win the game.} Qxc2 32. Rxc2 Rb1+ 33. Kh2 Kg7 34. f4 (34.
Kg3 $5 {White wants to play f4 and after Re1 he can protect the e4-pawn by
playing Kf3. For example} Rb5 35. f4 Ra5 36. Kf3 Ra3+ 37. Ne3 $16) 34... Re1
35. e5 g5 36. g3 Rd1 37. Ne3 Rd3 38. Ng4 Be7 $6 (38... gxf4 $1 39. gxf4 h5 (
39... Be7 $5 {Black might not allow White to play Nf6}) 40. Nf6 Kg6 41. Rg2+
Kf5 42. Nxh5 Ra3 {Black has good chances to make a draw.}) 39. f5 Bd8 (39...
Kf8 $8 40. f6 Bd8 41. Nxh6 $18) 40. f6+ Kh7 41. e6 $1 fxe6 42. Rf2 {White wins
the bishop for two pawns.} Bc7 43. f7 Bxg3+ 44. Kg2 Bd6 45. f8=Q Bxf8 46. Rxf8
Ra3 47. Rf2 {Shariyar got a bishop for 2 pawns and an active rook} Kg6 48. Re2
Kh5 $1 49. Nf6+ ({White shouldn't take the e-pawn} 49. Rxe6 $6 Rxa2+ 50. Kg1
Ra1+ 51. Kg2 Ra2+ 52. Kg3 Ra3+ 53. Ne3 $8 $14) 49... Kg6 50. Ne4 e5 51. Rc2 Kf5
52. Ng3+ Ke6 53. Rf2 Kd5 54. Nf5 Ra6 (54... h5 55. Rd2+ Kc5 56. Ng3 h4 57. Ne4+
Kc4 58. Kh2 Re3 59. Nxg5 {White should win the endgame.}) 55. Kf3 Ra3+ $6 ({
I believe Shahriyar should have played} 55... e4+ 56. Kg4 Ke5 57. Rb2 Kd5 58.
Rd2+ Ke5 59. Ne3 Ke6 {White has some technical problems to win the game. For
example} 60. Kh5 (60. Rd4 Rxa2 61. Rxe4+ Kd6 62. Nf5+ Kd5 63. Re1 a5 64. Nxh6
a4 65. Kxg5 a3 66. h4 Rb2 67. Ng4 a2 68. Ra1 Kc4 $11) 60... Ke5 61. Rf2 Kd4 62.
Nf5+ Kd3 63. Rb2 Re6 64. Rb3+ Kd2 65. Ne3 Ke2 66. Ra3 a6 (66... a5 67. Ng4 $18)
67. Rb3 Kf3 68. Nf5+ Kf4 69. Ng3 Rf6 70. Ne2+ Ke5 71. Ra3 Rf3 72. Ra5+ Kf6 73.
Rxa6+ Ke5 74. Ra5+ Kf6 75. Kg4 Rf2 76. Nd4 e3 {Black has good chances to make
a draw.}) 56. Kg4 $1 h5+ $8 (56... Ra6 57. Rd2+ Ke4 58. Re2+ Kd5 59. Kh5 $18)
57. Kxh5 Rxh3+ 58. Kxg5 e4 59. Kg4 Ra3 60. Re2 $18 {White's position is
winning.} Ke5 61. Ng3 $2 {Now Black could have made a draw.} (61. Ne3 $1 {
According to the computer White should have played this.} Ra6 62. Kg3 Ra3 63.
Kf2 Kf4 64. Ng2+ Ke5 65. Ke1 {White should win.}) 61... Ra4 62. Kh3 {The white
king returns to the centre to stop the e-pawn.} Kf4 63. Kg2 e3 64. Rb2 Ra3 65.
Ne2+ Ke4 66. Kf1 Kd3 $2 {The decisive mistake.} ({After} 66... Ra6 {The
computer makes it a draw.} 67. Rb3 (67. Nc1 Rf6+ 68. Ke1 Rh6 69. Kd1 Rh7 (69...
Rh1+ 70. Kc2 Rh2+ 71. Kc3 Rxb2 $4 72. Kxb2 {is winning for White}) 70. Rb8 Rd7+
71. Kc2 Rc7+ 72. Kb2 Re7 {Black should make a draw.}) 67... Rb6 68. Rxb6 axb6
69. Ke1 Kd3 70. Kd1 Kc4 71. Kc2 Kb4 72. Kb2 Kc4 73. Nf4 Kd4 74. Kb3 Ke4 75. Ng2
Kf3 76. Ne1+ Ke2 77. Nc2 Kd2 78. a3 e2 79. a4 Kc1 80. Ne1 Kb1 $11) 67. Ke1 Ra6
68. Kd1 Rh6 69. Rb3+ Ke4 70. Rb4+ 1-0

[Event "ISR-chT"]
[Site "Israel"]
[Date "2004.04.16"]
[Round "8"]
[White "Kaspi, Alexander"]
[Black "Tyomkin, Dimitri"]
[Result "0-1"]
[WhiteElo "2411"]
[BlackElo "2503"]
[Annotator "Tyomkin,D"]
[PlyCount "98"]
[EventDate "2004.01.03"]
[EventType "team"]
[EventRounds "11"]
[EventCountry "ISR"]
[SourceTitle "CBM 101"]
[Source "ChessBase"]
[SourceDate "2004.07.27"]
[SourceVersion "1"]
[SourceVersionDate "2004.07.27"]
[SourceQuality "1"]

{This game is from the match Rishon Lezion vs Maccabi; Rishon brought Gelfand
for this game (that was the only game of Boris in 2004 season), but we managed
to beat them anyhow; Alex Kaspi is the captain of the Israeli national team,
but also a good IM.} 1. d4 Nf6 2. c4 g6 3. Nc3 d5 4. cxd5 Nxd5 5. e4 Nxc3 6.
bxc3 Bg7 7. Bc4 c5 8. Ne2 O-O 9. O-O Nc6 10. Be3 Bd7 {This variation is part
of my opening repertoire after I found a game Kramnik-I.Sokolov; also Svidler
played many games with black in it.} 11. Rb1 a6 12. d5 {Alex was well-prepared
for this game and made those moves w/o much thinking.} (12. dxc5 Qc7 13. Nd4
Na5 14. Be2 Rfc8 15. f4 e5 16. fxe5 Qxe5 17. Bd3 Qe7 18. Nb3 {1/2-1/2 Kramnik,
V-Sokolov,I/Wijk aan Zee 1999/CBM 69 (18)}) 12... Na5 (12... Ne5 {is a good
alternative for black here.}) 13. Bd3 Rc8 14. Qd2 e6 15. c4 b5 16. Nc3 ({
Better is:} 16. cxb5 c4 17. Bc2 c3 18. Qd1 Bxb5 19. a4 Bxe2 20. Qxe2 Nc4 21.
dxe6 fxe6 22. Bb3 $14 {[%csl Yb3,Ye3,Re6] with some advantage of white.}) 16...
bxc4 {That was good idea to lock the position by:} (16... b4 17. Ne2 exd5 18.
exd5 Nb7 {[%cal Gb7d6,Gf8e8,Yd7f5,Yd6f5,Yd6e4] Nd6 then and black is not any
worse.}) 17. Be2 (17. Bc2 Qf6 $1 {That was my idea during the game.} (17... Re8
18. f4 $14) 18. dxe6 Bxe6 19. Nd5 Bxd5 20. exd5 c3 {and black looks ok here.})
17... exd5 18. exd5 Bf5 19. Rbc1 Re8 20. Rfd1 {[%csl Ra5,Ra6,Rc4] The only
problem of black here is Na5 - this would be great to have it on d6, but c4
and a6 fall in that case.} Qd7 (20... Qd6 $1 21. Na4 c3 22. Nxc3 Be5 23. h3 Nb7
{is probably equal here.}) 21. h3 h5 22. Bf1 Kh7 23. Qb2 {White is trying to
force things - Qb6 is coming...} (23. Bf4 $14 {[%cal Gh2b8] I think that's the
right diagonal for this bishop.}) 23... Nb7 $1 {[%csl Ya6,Yc4][%cal Gb7d6,
Yd6e4] Right time to bring the knight back into the game! Black sacrifices 2
pawns but gets his pieces to right places.} 24. Bxc4 Nd6 25. Bxa6 {Greediness;
while the correct Qe2 doesn't look that obvious.} (25. Qe2 $1 {and white holds
the balance here.}) 25... Ra8 26. Qe2 (26. Qb6 Reb8 27. Qc6 Bxc3 28. Rxc3 Ne4
29. Ra3 Qxc6 30. dxc6 Rb6 31. f3 Nf6 32. Bb7 Rxa3 33. Bxc5 Rd3 $1 34. Rxd3 Rb1+
$17 {[%cal Gf5d3] Black wins the tactical fight in this line.}) 26... Bxh3 $1 {
[%csl Ra6,Rg1] White pieces are too far away from white king, and black gets
all his forces into attack just in few moves.} 27. gxh3 Qxh3 {[%cal Gg7e5]} 28.
Qf1 ({White can't hold after:} 28. Bd3 Be5 29. f3 Bd4 {[%cal Ge8e2]} 30. Ne4 (
30. Be4 Nxe4 31. Nxe4 Rxe4 {[%csl Re3]}) 30... Bxe3+ 31. Qxe3 Nxe4 32. Bxe4
Rxa2 33. Rd2 Rxe4 $1 $19 {[%cal Rh3e3,Ra2d2]}) 28... Rxe3 $1 {No way back!} 29.
fxe3 Qxe3+ 30. Qf2 (30. Kh1 Bxc3 $19) (30. Kg2 Bxc3 31. Qf3 Qg5+ 32. Kh3 Bf6
$19 {[%csl Ra6,Rh3]}) 30... Bd4 $1 31. Qxe3 (31. Rxd4 Qxc1+ 32. Rd1 Qxc3 $19)
31... Bxe3+ 32. Kg2 Bxc1 33. Rxc1 Rxa6 34. a4 Kg7 {This ending is easily
winning for black with two extra pawns. Now I need my king in the centre.} 35.
Kf3 (35. Nb5 Nf5 36. Rxc5 Rxa4 37. Nc3 Rd4 $19) 35... Kf6 {[%cal Gf6e5]} 36.
Nb5 Nxb5 37. axb5 Ra3+ 38. Ke4 Ra4+ 39. Ke3 Ke5 {[%csl Rb5,Rd5] All white
pawns fall.} 40. Rxc5 Ra3+ 41. Ke2 Kd6 42. Rc6+ Kxd5 43. Rf6 Rb3 {Black
doesn't need all 3 pawns, h and g pawns win easily.} 44. Rxf7 (44. b6 Ke5)
44... Rxb5 45. Rf6 g5 46. Rh6 h4 47. Kf3 {[%cal Gf3g4] trying to block black
pawns, but} Rb4 48. Rg6 Rf4+ 49. Kg2 Rg4+ {[%cal Gg4g3,Gd5e5,Ge5f5] then Rg3
and King to f5.} 0-1